000 005590000a22002050004500
003 LK-CoMWRAF
005 20231122095434.0
008 230817t1993 ||||| |||| 00| 0 eng d
020 _a9559052179
040 _aLK-CoMWRAF
_dLK-CoMWRAF
_eLK-CoMWRAF
041 _aeng
082 _a331.4
_bJAY
100 _aJayaweera, Swarna
245 _aWomen, Education and Training
260 _aColombo:
_bCentre for Women's Research,
_c1993
300 _a55 p.
_bBibliography included
490 _aWorkshop Paper
_vNo.07
650 _aWOMEN-Education
942 _cBK
999 _c2053
_d2053